[Event "Chioggia op-C 10th"]
[Site "Chioggia"]
[Date "2015.10.09"]
[Round "1"]
[White "Aprile, Massimo"]
[Black "Schiavon, Simone"]
[Result "1-0"]
[WhiteElo "1585"]
[BlackElo "1440"]
[PlyCount "77"]
[EventDate "2015.10.09"]
[EventType "swiss"]
[EventRounds "5"]
[EventCountry "ITA"]
[SourceTitle "EXT 2022"]
[Source "ChessBase"]
[SourceDate "2021.10.06"]
[SourceVersion "1"]
[SourceVersionDate "2021.10.06"]
[SourceQuality "1"]

1. b3 e5 2. Bb2 Nc6 3. c4 Nf6 4. d3 Bb4+ 5. Nc3 0-0 6. Nf3 Ng4 7. h3 Nh6 8. e3 d6 9. Be2 Bxh3 10. Rxh3 Qf6 11. Nh2 Qg5 12. Ng4 Nxg4 13. Bxg4 f5 14. Bf3 e4 15. dxe4 fxe4 16. Bxe4 Ne5 17. Qd5+ Rf7 18. f4 Qf6 19. Bxh7+ Kf8 20. Be4 c6 21. Qd2 Rd8 22. Rh8+ Ke7 23. Rxd8 Kxd8 24. 0-0-0 Re7 25. fxe5 Rxe5 26. Bf3 Qh4 27. a3 Bc5 28. e4 Kc7 29. b4 Bf2 30. Qxd6+ Kb6 31. c5+ Bxc5 32. bxc5+ Rxc5 33. Kb1 Z0 34. Na4+ Kb5 35. Qxc5+ Ka6 36. Be2+ b5 37. Qxc6+ Ka5 38. Qc3+ Kxa4 39. Qb4# 1-0

[Event "Noale Szabados Memorial-B 3rd"]
[Site "Noale"]
[Date "2010.02.07"]
[Round "4"]
[White "Aprile, Massimo"]
[Black "Pisani, Valerio"]
[Result "0-1"]
[WhiteElo "1437"]
[BlackElo "1781"]
[PlyCount "86"]
[EventDate "2010.02.05"]
[EventType "swiss"]
[EventRounds "5"]
[EventCountry "ITA"]
[SourceTitle "EXT 2022"]
[Source "ChessBase"]
[SourceDate "2021.10.06"]
[SourceVersion "1"]
[SourceVersionDate "2021.10.06"]
[SourceQuality "1"]

1. d4 e6 2. Nf3 Nf6 3. Nbd2 d5 4. e3 Bd6 5. Bd3 Nbd7 6. 0-0 c5 7. c3 c4 8. Bc2 b5 9. a3 a5 10. e4 dxe4 11. Nxe4 Nxe4 12. Bxe4 Rb8 13. Bg5 Qc7 14. Re1 0-0 15. Qe2 Re8 16. Rad1 h6 17. Be3 Nf6 18. Bc2 Bb7 19. h3 Qc6 20. Bc1 g5 21. Qf1 b4 22. axb4 axb4 23. Ne5 Qc7 24. Qxc4 Bxe5 25. Qd3 Bd6 26. c4 Qc6 27. f3 Bg3 28. Re2 Ba6 29. b3 Rbd8 30. Rf1 Qd6 31. Be3 Bb7 32. Rd1 Bf4 33. Bxf4 Qxf4 34. Re5 Rd7 35. Rb5 Red8 36. Rxb4 Rxd4 37. Qe2 Rxd1+ 38. Bxd1 Qc1 39. Rxb7 Rxd1+ 40. Kh2 Rh1+ 41. Kg3 Qf4+ 42. Kf2 Qd4+ 43. Qe3 Rf1+ 0-1

[Event "Basso Veronese-B 2nd"]
[Site "Casaleone"]
[Date "2009.11.15"]
[Round "5"]
[White "Aprile, Massimo"]
[Black "Merci, Stefano"]
[Result "0-1"]
[WhiteElo "1461"]
[BlackElo "1488"]
[PlyCount "70"]
[EventDate "2009.11.07"]
[EventType "swiss"]
[EventRounds "6"]
[EventCountry "ITA"]
[SourceTitle "EXT 2015"]
[Source "ChessBase"]
[SourceDate "2014.11.20"]
[SourceVersion "1"]
[SourceVersionDate "2014.11.20"]
[SourceQuality "1"]

1. Nf3 Nf6 2. d3 d5 3. g3 Bg4 4. Bg2 Nbd7 5. Nbd2 e6 6. 0-0 Bd6 7. Re1 c6 8. c3 Qc7 9. Qc2 0-0-0 10. b4 h5 11. a4 Bxf3 12. Nxf3 Ne5 13. Bg5 Nxf3+ 14. Bxf3 Rh7 15. Bxf6 gxf6 16. d4 Rdh8 17. Kg2 h4 18. Rh1 Rg7 19. Kf1 hxg3 20. e3 gxh2 21. Ke2 Rhg8 22. Rae1 Rg1 23. Qd1 Rxe1+ 24. Qxe1 Qd8 25. Bh5 Rg7 26. f4 Rg2+ 27. Kd3 Qh8 28. Qh4 Qh7+ 29. f5 Qxf5+ 30. e4 Qxe4+ 31. Qxe4 dxe4+ 32. Kxe4 Kd7 33. Rf1 Rg1 34. Rxf6 h1Q+ 35. Bf3 Qh4+ 0-1

[Event "Chioggia op-B 03rd"]
[Site "Chioggia"]
[Date "2008.10.11"]
[Round "3"]
[White "Knottner, Klaus"]
[Black "Aprile, Massimo"]
[Result "1-0"]
[WhiteElo "1560"]
[BlackElo "1494"]
[PlyCount "65"]
[EventDate "2008.10.10"]
[EventType "swiss"]
[EventRounds "5"]
[EventCountry "ITA"]
[SourceTitle "EXT 2022"]
[Source "ChessBase"]
[SourceDate "2021.10.06"]
[SourceVersion "1"]
[SourceVersionDate "2021.10.06"]
[SourceQuality "1"]

1. e4 e6 2. d4 c5 3. c3 Nc6 4. Nf3 g6 5. Be2 cxd4 6. cxd4 Bg7 7. Nc3 Nge7 8. Nb5 d5 9. e5 0-0 10. 0-0 Bd7 11. Nd6 Rb8 12. Bg5 Qb6 13. Qd2 Nc8 14. Nb5 a6 15. Nc3 N8e7 16. Na4 Qd8 17. Nc5 f6 18. Bh6 Nf5 19. Bxg7 Nxg7 20. Bd3 fxe5 21. dxe5 Nf5 22. Ng5 Ncd4 23. Bxf5 Rxf5 24. f4 h6 25. Qxd4 hxg5 26. fxg5 Rxg5 27. Rf6 Qe7 28. Raf1 Rf5 29. Rxg6+ Kh7 30. Rxf5 Kxg6 31. Rf6+ Kh7 32. Qh4+ Kg8 33. Qg5+ 1-0